A Magyar Telekom Nyrt., a DIGI Távközlési és Szolgáltató Kft. és a Vodafone Magyarország Zrt. vagyoni-, pénzügyi és jövedelmezőségi helyzetének értékelése 2022-2024 évi beszámolók alapján
| Szerző: | |
|---|---|
| További közreműködők: | |
| Dokumentumtípus: | Diplomadolgozat |
| Kulcsszavak: | digitalizáció fúzió piaci elemzés piaci verseny távközlési piac |
| Online Access: | http://dolgozattar.uni-bge.hu/60332 |
MARC
| LEADER | 00000nta a2200000 i 4500 | ||
|---|---|---|---|
| 001 | dolg60332 | ||
| 005 | 20260409150439.0 | ||
| 008 | 260409suuuu hu om 000 hun d | ||
| 040 | |a BGE Dolgozattár Repozitórium |b hun | ||
| 041 | |a hu | ||
| 100 | 1 | |a Badinszky Eszter Rita | |
| 245 | 1 | 2 | |a A Magyar Telekom Nyrt., a DIGI Távközlési és Szolgáltató Kft. és a Vodafone Magyarország Zrt. vagyoni-, pénzügyi és jövedelmezőségi helyzetének értékelése 2022-2024 évi beszámolók alapján |c Badinszky Eszter Rita |h [elektronikus dokumentum] |
| 520 | 3 | |a A dolgozat a magyarországi távközlési szektor 2022 és 2024 közötti pénzügyi és működési teljesítményét vizsgálja, különös tekintettel a Magyar Telekom Nyrt., a Vodafone Magyarország Zrt. és a DIGI Távközlési és Szolgáltató Kft. szolgáltatókra. Elemzi a digitalizáció, gazdasági környezet, valamint a versenyhelyzet hatásait, kiemelve a 2025 januárjában létrejövő One Magyarország Zrt. fúzió számviteli és piaci következményeit. A kutatás szekunder forrásokra épül és számos pénzügyi mutató, valamint horizontális és vertikális elemzés segítségével értékeli a vállalatok vagyoni, pénzügyi és jövedelmi helyzetét, illetve előrejelzést ad a fúzió jövőbeni piaci hatásairól. | |
| 695 | |a digitalizáció | ||
| 695 | |a fúzió | ||
| 695 | |a piaci elemzés | ||
| 695 | |a piaci verseny | ||
| 695 | |a távközlési piac | ||
| 700 | 1 | |a Frányó Dr. Zsófia Zsuzsanna |e ths | |
| 856 | 4 | 0 | |u http://dolgozattar.uni-bge.hu/60332/1/Szakdolgozat_Badinszky_Eszter_Rita_WEDTYY.pdf |z Dokumentum-elérés |
| 856 | 4 | 0 | |u http://dolgozattar.uni-bge.hu/60332/2/biralatilap_alap_Badinszky%20Eszter.pdf |z Dokumentum-elérés |